When he was wicked / (Record no. 234347)

000 -LEADER
fixed length control field 01050cam a22003013a 4500
001 - CONTROL NUMBER
control field 13766119
003 - CONTROL NUMBER IDENTIFIER
control field Nust
005 - DATE AND TIME OF LATEST TRANSACTION
control field 20170319162941.0
008 - FIXED-LENGTH DATA ELEMENTS--GENERAL INFORMATION
fixed length control field 040628s2004 nyuj 000 1 eng d
010 ## - LIBRARY OF CONGRESS CONTROL NUMBER
LC control number 2004596944
020 ## - INTERNATIONAL STANDARD BOOK NUMBER
International Standard Book Number 9780749936624
035 ## - SYSTEM CONTROL NUMBER
System control number (OCoLC)ocm55752318
040 ## - CATALOGING SOURCE
Original cataloging agency HHO
Transcribing agency HHO
Modifying agency MR0
-- DLC
042 ## - AUTHENTICATION CODE
Authentication code lccopycat
050 00 - LIBRARY OF CONGRESS CALL NUMBER
Classification number CPB Box no. 2231 vol. 10
082 ## - DEWEY DECIMAL CLASSIFICATION NUMBER
Classification number 823
Author Mark QUI
100 1# - MAIN ENTRY--PERSONAL NAME
Personal name Quinn, Julia,
Dates associated with a name 1970-
245 10 - TITLE STATEMENT
Title When he was wicked /
Statement of responsibility, etc. Julia Quinn.
260 ## - PUBLICATION, DISTRIBUTION, ETC.
Place of publication, distribution, etc. New York :
Name of publisher, distributor, etc. Avon Books,
Date of publication, distribution, etc. 2004.
300 ## - PHYSICAL DESCRIPTION
Extent 368 p. :
Other physical details geneal. table ;
Dimensions 18 cm.
490 1# - SERIES STATEMENT
Series statement Avon historical romance
651 #0 - SUBJECT ADDED ENTRY--GEOGRAPHIC NAME
Geographic name England
General subdivision Social life and customs
Chronological subdivision 19th century
Form subdivision Fiction.
655 #7 - INDEX TERM--GENRE/FORM
Genre/form data or focus term Historical fiction.
Source of term gsafd
655 #7 - INDEX TERM--GENRE/FORM
Genre/form data or focus term Love stories.
Source of term gsafd
655 #7 - INDEX TERM--GENRE/FORM
Genre/form data or focus term Regency fiction.
Source of term gsafd
710 2# - ADDED ENTRY--CORPORATE NAME
Corporate name or jurisdiction name as entry element Copyright Paperback Collection (Library of Congress)
Institution to which field applies DLC
830 #0 - SERIES ADDED ENTRY--UNIFORM TITLE
Uniform title Avon romance.
906 ## - LOCAL DATA ELEMENT F, LDF (RLIN)
a 7
b cbc
c copycat
d 2
e ncip
f 20
g y-genrareb
942 ## - ADDED ENTRY ELEMENTS (KOHA)
Source of classification or shelving scheme
Koha item type Book
Holdings
Withdrawn status Lost status Source of classification or shelving scheme Damaged status Not for loan Permanent Location Current Location Shelving location Date acquired Total Checkouts Total Renewals Full call number Barcode Date last seen Date last checked out Copy number Price effective from Koha item type
          Central Library (CL) Central Library (CL) Fiction 03/19/2017 3 1 823 QUI CL1583 12/04/2024 12/22/2022 1 03/19/2017 Book
© 2023 Central Library, National University of Sciences and Technology. All Rights Reserved.